Red-Color News Soldier (Record no. 577830)

MARC details
000 -LEADER
fixed length control field 00475nam a2200169Ia 4500
008 - FIXED-LENGTH DATA ELEMENTS--GENERAL INFORMATION
fixed length control field 250728s9999 xx 000 0 und d
020 ## - INTERNATIONAL STANDARD BOOK NUMBER
ISBN 0714843083
082 ## - DEWEY DECIMAL CLASSIFICATION NUMBER
Classification number 951.0560222
Item number LIZ
100 ## - MAIN ENTRY--AUTHOR NAME
Personal name Zhensheng, Li
245 #0 - TITLE STATEMENT
Title Red-Color News Soldier
260 ## - PUBLICATION, DISTRIBUTION, ETC. (IMPRINT)
Name of publisher Phaidon
Year of publication 2003
300 ## - PHYSICAL DESCRIPTION
Number of Pages 320 pages
500 ## - GENERAL NOTE
General note The only known existing photographic documentation of the Chinese Cultural Revolution.
650 ## - SUBJECT ADDED ENTRY--TOPICAL TERM
Topical Term History
942 ## - ADDED ENTRY ELEMENTS (KOHA)
Koha item type English Books
Holdings
Withdrawn status Lost status Damaged status Not for loan Home library Current library Shelving location Date acquired Full call number Accession Number Price effective from Koha item type
        Anna Centenary Library Anna Centenary Library 7TH FLOOR, B WING 28.07.2025 951.0560222 LIZ 284174 28.07.2025 English Books

Find us on the map